Natasha, Pierre & the Great Comet of 1812- Soundtrack - Statistics

General Stats
  • This quiz has been taken 24 times
  • The average score is 22 of 26
Answer Stats
# Act 1 % Correct
21 A Call to Pierre
100%
14 Letters
100%
2 Pierre
100%
25 Pierre & Natasha
100%
15 Sonya & Natasha
100%
18 Balaga
95%
3 Moscow
95%
1 Prologue
95%
16 Sonya Alone
95%
19 The Abduction
95%
13 The Ball
95%
7 The Opera
95%
23 Pierre & Anatole
89%
26 The Great Comet of 1812
89%
12 Charming
84%
20 In My House
79%
8 Natasha & Anatole
79%
17 Preparations
79%
10 Dust and Ashes
74%
22 Find Anatole
74%
6 No One Else
74%
9 The Duel
74%
5 Natasha & Bolkonskys
63%
4 The Private and Intimate Life of the House
63%
11 Sunday Morning
58%
24 Natasha Very Ill
53%
No matching quizzes found
Score Distribution
Percent of People with Each Score
Percentile by Number Answered
Your Score History
You have not taken this quiz